Υγιεινή : μετά στοιχείων σωματολογίας

Αποθηκεύτηκε σε:
Λεπτομέρειες βιβλιογραφικής εγγραφής
Κύριος συγγραφέας: Στεφάνου, Δημήτριος Θ.
Μορφή: Βιβλίο
Γλώσσα:Greek
Δημοσίευση: Αθήναι : [χ.ό.], 1949
Θέματα:
Ετικέτες: Προσθήκη ετικέτας
Δεν υπάρχουν, Καταχωρήστε ετικέτα πρώτοι!

MARC

LEADER 00000cam a2200000 i 4500
001 1/96054
008 081024s1972 gre d
035 |l 10101165 
040 |a GR-MY-UA  |b gre  |e aacr 
041 0 |a gre 
082 0 |a 613.071  |2 (22) 
100 1 |a Στεφάνου, Δημήτριος Θ. 
245 1 0 |a Υγιεινή :  |b μετά στοιχείων σωματολογίας /  |c Δημ. Θ. Στεφάνου 
260 |a Αθήναι :   |b [χ.ό.],   |c 1949 
300 |a 255 σ.;  |b σχέδια;  |c 24 εκ. 
521 |a "Προς χρήσιν των μαθητών των γυμνασίων και των σπουδαστών των παιδαγωγικών ακαδημιών" 
650 0 0 |a Hygiene. 
650 0 0 |a Health education. 
852 |a INST  |b RHODES  |c AKA  |e 20081024  |h  613.071 ΣΤΕ  |p 005400031219  |q 005400031219  |t BK  |y 0 
901 |a BIBL4-2008-1 
909 |a Ρ  |b 153473 
970 |a ΚΟΖΑ  |b ΜΑΡΙΑ  |z 2008/10/24